1326 1386 1801 1714 1865 1763 1050 1665 1914 1446 1384 1308 1204 1303 1130 1135 1954 1769 1354 1377 1488 1076 1690 1614 1652 1359 1796 1157 1657 1345 1559 1245 1002 1266 1495 1575 1782 1522 1393 1073 1196 1082 1099 1991 1700 1544 1817 1770 1803 1175 1680 1281 1402 1933 1940 1841 1440 1126 1161 1296 1453 1119 1630 1089 1927 1730 1015 1067 1815 1212 1007 1890 1976 1987 1134 2000 1124 1858 1008 1186 1212 1541 1928 1645 1610 1497 1910 1064 1404 1023 1335 1125 1141 1212 1930 1085 1315 1369 1235 BCNSPRNW ULIB Ver.6.0+V

เปลี่ยนเป็นภาษาไทย

Change to English
 แสดงรายละเอียดบรรณานุกรม
  กลับหน้าหลัก

Brief Record : Get Marc (ISO 2709) : E-mail record : QR code < ปิดหน้าต่าง
LEADER : 00000nam 2200000uu 4500
001    13399124255
003     ULIB
008    150215s2557||||th 000 0 tha d
020    ^a9789740333012
060  4 ^aWA20.5^bก725ก
100 0  กุลวดี โรจน์ไพศาลกิจ
245 10 ^aการวิจัยบริการทางสุขภาพ. /^cกุลวดี โรจน์ไพศาลกิจ
250    พิมพ์ครั้งที่ 1
260    ^aกรุงเทพฯ :^bสำนักพิมพ์แห่งจุฬาลงกรณ์มหาวิทยาลัย,^c2557
300    ^a332 หน้า;^c26 ซม.
650  7 ^aบริการทางสุขภาพ^xวิจัย
650  7 ^aวิจัย
945    ^p480^l0^i039134
945    ^p480^l0^i039135
945    ^p480^l0^i039136
999    ^aทศพร
รายการนี้ยังไม่มีแท็ก
คุณยังไม่ได้ล็อกอิน คุณสามารถมีกิจกรรมร่วมกับเว็บไซต์ได้ แต่ต้องล็อกอินก่อน ::
  ล็อกอิน

รายการสื่อสารสนเทศ

ลำดับที่ ประเภท เลขเรียก/บาร์โค้ด สถานที่ สถานะ
1. วิทยาศาสตร์การแพทย์ และสุขภาพ
วิทยาศาสตร์การแพทย์ และสุขภาพ
สถานะ=หนังสือเก่า
WA20.5 ก725ก ฉ.1 
  Barcode: 039134
ห้องสมุดวิทยาเขตสวรรค์ประชารักษ์
►ส่วนจัดเก็บหนังสือเก่า สปร
บนชั้น
  ขอยืม
2. วิทยาศาสตร์การแพทย์ และสุขภาพ
วิทยาศาสตร์การแพทย์ และสุขภาพ
WA20.5 ก725ก ฉ.2 
  Barcode: 039135
ห้องสมุดวิทยาเขตสวรรค์ประชารักษ์
►หนังสือทั่วไป
ถูกยืม กำหนดส่งวันที่ 21 มิถุนายน 2566
  จอง
3. วิทยาศาสตร์การแพทย์ และสุขภาพ
วิทยาศาสตร์การแพทย์ และสุขภาพ
สถานะ=หนังสือเก่า
WA20.5 ก725ก ฉ.3 
  Barcode: 039136
ห้องสมุดวิทยาเขตสวรรค์ประชารักษ์
►ส่วนจัดเก็บหนังสือเก่า สปร
บนชั้น
  ขอยืม

รายการใกล้เคียง
    ผู้แต่ง [กุลวดี โรจน์ไพศาลกิจ]

    หัวเรื่อง [วิจัย]

BibComment


ยังไม่เคยถูกคอมเมนท์

คอมเมนท์ทรัพยากรรายการนี้
  คอมเมนท์: การวิจัยบริการทา..


 Copyright 2026. Bcnsprnw @Library